[Event "Bundesliga 9697"]
[Site "Deutschland"]
[Date "1997.??.??"]
[Round "?.2"]
[White "Boensch, Uwe"]
[Black "Schmittdiel, Eckhard"]
[Result "1/2-1/2"]
[WhiteElo "2520"]
[BlackElo "2440"]
[PlyCount "190"]
[EventDate "1996.10.??"]
[EventType "team"]
[EventRounds "15"]
[EventCountry "GER"]
[SourceTitle "Bundesliga 9697"]
[Source "DeepChess"]
[SourceDate "2005.01.01"]
[SourceVersion "1"]
[SourceVersionDate "2005.01.01"]
[SourceQuality "1"]
[WhiteTeam "SV Empor Berlin e.V."]
[BlackTeam "SG Bochum 31"]
[WhiteTeamCountry "GER"]
[BlackTeamCountry "GER"]

1. d4 Nf6 2. c4 e6 3. Nf3 Bb4+ 4. Bd2 Bxd2+ 5. Qxd2 d6 6. Nc3 O-O 7. g3 Nbd7 8.
Bg2 Qe7 9. O-O c6 10. e4 e5 11. h3 Re8 12. Rad1 Rb8 13. Rfe1 a6 14. b4 b6 15.
a4 Bb7 16. Qa2 g6 17. Re3 exd4 18. Nxd4 c5 19. bxc5 bxc5 20. Nde2 Ne5 21. Nf4
Nc6 22. Nfd5 Qd8 23. Ne2 Na5 24. Ndc3 Qc7 25. Nf4 Bc6 26. Red3 Rbd8 27. g4 g5
28. Nfd5 Bxd5 29. Rxd5 h6 30. Rf5 Nh7 31. Nd5 Qc8 32. f4 Nc6 33. fxg5 hxg5 34.
Qd2 Re6 35. Nf6+ Nxf6 36. Qxg5+ Kf8 37. Rdf1 Ne5 38. Rxf6 Rxf6 39. Rxf6 Ke8 40.
Rh6 Kd7 41. a5 Qb8 42. Rh7 Kc7 43. Qf5 Qb4 44. g5 Rd7 45. g6 fxg6 46. Rxd7+
Nxd7 47. Qxg6 Qxa5 48. Kh2 Qe1 49. Qh7 a5 50. h4 Qf2 51. e5 dxe5 52. h5 a4 53.
h6 Qf4+ 54. Kg1 Qc1+ 55. Kh2 a3 56. Qg6 Qf4+ 57. Kg1 Qf6 58. Qd3 a2 59. Qa3
Qxh6 60. Qxa2 Qe3+ 61. Kf1 Nf6 62. Qa7+ Kd6 63. Qb6+ Ke7 64. Qb7+ Ke6 65. Qc8+
Kf7 66. Bh3 Qf4+ 67. Kg2 Ne4 68. Qd7+ Kg6 69. Qe8+ Kg7 70. Qe7+ Kg6 71. Qe6+
Qf6 72. Qxf6+ Nxf6 73. Kf3 Kg7 74. Ke3 Kf7 75. Bf5 Ke7 76. Bh3 Kd6 77. Bf5 Nd7
78. Bh3 Nf6 79. Bf5 Kc7 80. Bg6 Kb6 81. Kd3 Ka5 82. Kc3 Ka4 83. Bc2+ Ka3 84.
Bf5 Ne8 85. Be4 Nd6 86. Bd5 Ka4 87. Bc6+ Ka5 88. Bd5 Kb6 89. Kd3 Kc7 90. Ke3
Kd8 91. Kf3 Ke7 92. Kg4 Kf6 93. Bg8 Ne4 94. Kf3 Ng5+ 95. Kg4 Ne4 1/2-1/2

[Event "Bundesliga 9697"]
[Site "Deutschland"]
[Date "1997.??.??"]
[Round "?.3"]
[White "Bosch, Jeroen"]
[Black "Tischbierek, Raj"]
[Result "1/2-1/2"]
[WhiteElo "2425"]
[BlackElo "2490"]
[PlyCount "81"]
[EventDate "1996.10.??"]
[EventType "team"]
[EventRounds "15"]
[EventCountry "GER"]
[SourceTitle "Bundesliga 9697"]
[Source "DeepChess"]
[SourceDate "2005.01.01"]
[SourceVersion "1"]
[SourceVersionDate "2005.01.01"]
[SourceQuality "1"]
[WhiteTeam "SG Bochum 31"]
[BlackTeam "SV Empor Berlin e.V."]
[WhiteTeamCountry "GER"]
[BlackTeamCountry "GER"]

1. e4 c5 2. Nf3 d6 3. d4 cxd4 4. Nxd4 Nf6 5. f3 Nc6 6. c4 Nxd4 7. Qxd4 g6 8.
Nc3 Bg7 9. Be3 O-O 10. Qd2 Be6 11. Rc1 Qa5 12. Nd5 Qxd2+ 13. Kxd2 Bxd5 14. cxd5
Rfc8 15. Rxc8+ Rxc8 16. g3 Rc7 17. Bh3 Nd7 18. Rc1 Rxc1 19. Kxc1 Nc5 20. Kc2 a5
21. b3 Kf8 22. Bd2 b6 23. Be3 e6 24. dxe6 fxe6 25. a3 Ke7 26. b4 axb4 27. axb4
Na6 28. Kb3 b5 29. f4 Nc7 30. Bf1 Kd7 31. g4 Kc6 32. h4 Ne8 33. g5 d5 34. exd5+
exd5 35. Bc5 Nd6 36. Bxd6 Kxd6 37. Bxb5 Bd4 38. Bd3 Ke6 39. h5 Be3 40. hxg6
hxg6 41. Bxg6 1/2-1/2

[Event "Bundesliga 9697"]
[Site "Deutschland"]
[Date "1997.??.??"]
[Round "?.4"]
[White "Volke, Karsten"]
[Black "Reschke, Stefan"]
[Result "1/2-1/2"]
[WhiteElo "2465"]
[BlackElo "2390"]
[PlyCount "38"]
[EventDate "1996.10.??"]
[EventType "team"]
[EventRounds "15"]
[EventCountry "GER"]
[SourceTitle "Bundesliga 9697"]
[Source "DeepChess"]
[SourceDate "2005.01.01"]
[SourceVersion "1"]
[SourceVersionDate "2005.01.01"]
[SourceQuality "1"]
[WhiteTeam "SV Empor Berlin e.V."]
[BlackTeam "SG Bochum 31"]
[WhiteTeamCountry "GER"]
[BlackTeamCountry "GER"]

1. d4 Nf6 2. c4 g6 3. Nc3 Bg7 4. e4 d6 5. Be2 O-O 6. Nf3 e5 7. d5 a5 8. Bg5 Na6
9. Nd2 Qe8 10. g4 Bd7 11. Nf1 Nc5 12. Ng3 Qb8 13. f3 c6 14. Qd2 cxd5 15. cxd5
b5 16. Nd1 Rc8 17. Kf1 b4 18. Kg2 b3 19. Nc3 bxa2 1/2-1/2

[Event "Bundesliga 9697"]
[Site "Deutschland"]
[Date "1997.??.??"]
[Round "?.5"]
[White "Ellers, Holger"]
[Black "Poldauf, Dirk"]
[Result "1-0"]
[WhiteElo "2260"]
[BlackElo "2470"]
[PlyCount "121"]
[EventDate "1996.10.??"]
[EventType "team"]
[EventRounds "15"]
[EventCountry "GER"]
[SourceTitle "Bundesliga 9697"]
[Source "DeepChess"]
[SourceDate "2005.01.01"]
[SourceVersion "1"]
[SourceVersionDate "2005.01.01"]
[SourceQuality "1"]
[WhiteTeam "SG Bochum 31"]
[BlackTeam "SV Empor Berlin e.V."]
[WhiteTeamCountry "GER"]
[BlackTeamCountry "GER"]

1. d4 Nf6 2. Nf3 g6 3. c4 Bg7 4. g3 O-O 5. Bg2 d6 6. Nc3 Nbd7 7. O-O e5 8. e4
exd4 9. Nxd4 Re8 10. h3 Nc5 11. Re1 a5 12. b3 h6 13. Rb1 c6 14. Bf4 Nh5 15. Be3
Qe7 16. Qc2 Nf6 17. Rbd1 Bd7 18. f3 Rad8 19. a3 Ra8 20. Bf2 Nh5 21. Rd2 Bc8 22.
Red1 g5 23. b4 axb4 24. axb4 Na6 25. b5 Nb4 26. Qb3 c5 27. Nc2 Nxc2 28. Nd5 Qd8
29. Qxc2 Be6 30. f4 gxf4 31. Nxf4 Qg5 32. h4 Qg4 33. Bh3 Qf3 34. Rd3 Qxe4 35.
Bg2 Qxc4 36. Qxc4 Bxc4 37. Nxh5 Bxd3 38. Nxg7 Kxg7 39. Rxd3 Ra1+ 40. Bf1 Re6
41. Rd2 Kf6 42. Kg2 Ke7 43. Bc4 Re5 44. Bd5 Rb1 45. g4 Rxb5 46. Bg3 Re3 47. Bf4
Rc3 48. Re2+ Kd7 49. Bxf7 Rb4 50. Be6+ Kc6 51. Bxh6 d5 52. Bf5 d4 53. h5 d3 54.
Rd2 Rc2 55. Kf3 Rxd2 56. Bxd2 Rb2 57. Ke3 c4 58. h6 Ra2 59. h7 Ra8 60. g5 Re8+
61. Be4+ 1-0

[Event "Bundesliga 9697"]
[Site "Deutschland"]
[Date "1997.??.??"]
[Round "?.6"]
[White "Muse, Mladen"]
[Black "Buenermann, Volker"]
[Result "1-0"]
[WhiteElo "2445"]
[BlackElo "2350"]
[PlyCount "63"]
[EventDate "1996.10.??"]
[EventType "team"]
[EventRounds "15"]
[EventCountry "GER"]
[SourceTitle "Bundesliga 9697"]
[Source "DeepChess"]
[SourceDate "2005.01.01"]
[SourceVersion "1"]
[SourceVersionDate "2005.01.01"]
[SourceQuality "1"]
[WhiteTeam "SV Empor Berlin e.V."]
[BlackTeam "SG Bochum 31"]
[WhiteTeamCountry "GER"]
[BlackTeamCountry "GER"]

1. d4 Nf6 2. c4 g6 3. Nc3 Bg7 4. e4 d6 5. h3 O-O 6. Be3 Na6 7. Nf3 e5 8. d5 Nh5
9. Nd2 Qe8 10. g3 f5 11. exf5 gxf5 12. Be2 f4 13. Bxh5 Qe7 14. Nde4 fxe3 15.
fxe3 Nc5 16. Bg4 Bxg4 17. hxg4 Qf7 18. g5 Nxe4 19. Nxe4 Qf5 20. Qd3 Qf3 21. Kd2
Rf5 22. Rh4 Raf8 23. Qe2 Qxe2+ 24. Kxe2 R5f7 25. Rah1 c6 26. a4 cxd5 27. cxd5
Rc7 28. Kd3 Rfc8 29. Rxh7 Rc2 30. Nf6+ Kf8 31. Ke4 Rf2 32. Rh8+ 1-0

[Event "Bundesliga 9697"]
[Site "Deutschland"]
[Date "1997.??.??"]
[Round "?.7"]
[White "De Gleria, Francesco"]
[Black "Thinius, Marco"]
[Result "0-1"]
[WhiteElo "2265"]
[BlackElo "2330"]
[PlyCount "98"]
[EventDate "1996.10.??"]
[EventType "team"]
[EventRounds "15"]
[EventCountry "GER"]
[SourceTitle "Bundesliga 9697"]
[Source "DeepChess"]
[SourceDate "2005.01.01"]
[SourceVersion "1"]
[SourceVersionDate "2005.01.01"]
[SourceQuality "1"]
[WhiteTeam "SG Bochum 31"]
[BlackTeam "SV Empor Berlin e.V."]
[WhiteTeamCountry "GER"]
[BlackTeamCountry "GER"]

1. e4 e5 2. Nf3 Nc6 3. d4 exd4 4. Nxd4 Bb4+ 5. c3 Be7 6. Bc4 Nf6 7. Nxc6 bxc6
8. e5 Ne4 9. Qf3 d5 10. exd6 Nxd6 11. Bd3 O-O 12. O-O Rb8 13. Nd2 c5 14. Nc4
Nxc4 15. Bxc4 Bd6 16. Qh5 Qe7 17. Rd1 g6 18. Qh6 Qe5 19. Qh4 Re8 20. Bd2 Rxb2
21. Re1 Rxd2 22. Rxe5 Bxe5 23. Rf1 Bxc3 24. Qf4 Be6 25. Qe3 Ba5 26. h4 Rd4 27.
Bxe6 Rxe6 28. Qf3 Rxh4 29. Qa8+ Kg7 30. Qxa7 Bb6 31. Qa8 c4 32. a4 Rh5 33. Qf3
Bd4 34. g4 Rc5 35. Rd1 Rf6 36. Qa3 Bxf2+ 37. Kg2 c3 38. Rc1 Bd4 39. Rc2 Ra6 40.
Qb4 Rd6 41. a5 Rcc6 42. Qb5 h6 43. Qe2 Bf6 44. Ra2 Re6 45. Qf2 Rcd6 46. Rc2 Rd3
47. Ra2 Red6 48. Qe1 Rd1 49. Qe3 R1d2+ 0-1

[Event "Bundesliga 9697"]
[Site "Deutschland"]
[Date "1997.??.??"]
[Round "?.8"]
[White "Kleeschaetzky, Ralf"]
[Black "Boehle, Lars"]
[Result "0-1"]
[WhiteElo "2255"]
[BlackElo "2285"]
[PlyCount "84"]
[EventDate "1996.10.??"]
[EventType "team"]
[EventRounds "15"]
[EventCountry "GER"]
[SourceTitle "Bundesliga 9697"]
[Source "DeepChess"]
[SourceDate "2005.01.01"]
[SourceVersion "1"]
[SourceVersionDate "2005.01.01"]
[SourceQuality "1"]
[WhiteTeam "SV Empor Berlin e.V."]
[BlackTeam "SG Bochum 31"]
[WhiteTeamCountry "GER"]
[BlackTeamCountry "GER"]

1. Nf3 Nf6 2. c4 g6 3. Nc3 Bg7 4. e4 d6 5. d4 O-O 6. Be2 Bg4 7. Be3 Nfd7 8. Qd2
e5 9. dxe5 dxe5 10. Rd1 Nc6 11. Ng5 Bxe2 12. Nxe2 Nd4 13. O-O Nc5 14. b4 Nce6
15. Nxe6 Nxe6 16. Qb2 Qe7 17. Rd2 Rfd8 18. Rfd1 c6 19. f3 b6 20. b5 c5 21. Nc3
Nd4 22. Nd5 Qf8 23. Bg5 f6 24. Bh4 Rd6 25. Rf1 Re8 26. Rd3 Qf7 27. a4 f5 28.
Rdd1 f4 29. a5 g5 30. Be1 Rg6 31. Kh1 Qd7 32. g4 h5 33. h3 Kf7 34. Kg1 Rh8 35.
Rd2 Rgh6 36. Rg2 hxg4 37. hxg4 Rh1+ 38. Kf2 R1h3 39. Bc3 Rxf3+ 40. Ke1 Rxf1+
41. Kxf1 Rh1+ 42. Kf2 f3 0-1

[Event "Bundesliga 9697"]
[Site "Deutschland"]
[Date "1997.04.13"]
[Round "?.1"]
[White "Votava, Jan"]
[Black "Glek, Igor V"]
[Result "1/2-1/2"]
[WhiteElo "2530"]
[BlackElo "2620"]
[PlyCount "81"]
[EventDate "1996.10.??"]
[EventType "team"]
[EventRounds "15"]
[EventCountry "GER"]
[SourceTitle "Bundesliga 9697"]
[Source "DeepChess"]
[SourceDate "2005.01.01"]
[SourceVersion "1"]
[SourceVersionDate "2005.01.01"]
[SourceQuality "1"]
[WhiteTeam "SV Erfurt West 90"]
[BlackTeam "SG Bochum 31"]
[WhiteTeamCountry "GER"]
[BlackTeamCountry "GER"]

1. e4 e6 2. d4 d5 3. Nc3 Nf6 4. e5 Nfd7 5. f4 c5 6. Nf3 Nc6 7. Be3 a6 8. Qd2 b5
9. dxc5 Bxc5 10. Bxc5 Nxc5 11. Qf2 Qb6 12. Bd3 b4 13. Ne2 a5 14. O-O Ba6 15.
Kh1 Ne7 16. Ng3 Na4 17. Qxb6 Nxb6 18. Nd4 g6 19. Bxa6 Rxa6 20. a3 bxa3 21. Rxa3
Kd7 22. Rfa1 a4 23. Nge2 Rc8 24. Kg1 Nc6 25. Nxc6 Rxc6 26. Nd4 Rc4 27. c3 Rc7
28. b4 Ra8 29. Kf2 f6 30. exf6 Rf8 31. g3 Rxf6 32. Ke2 h6 33. h4 Rc8 34. Rd1
Ra8 35. Ra2 Nc4 36. Rda1 a3 37. Nf3 Kd6 38. Nd2 Nxd2 39. Kxd2 g5 40. hxg5 hxg5
41. Rxa3 1/2-1/2

[Event "Bundesliga 9697"]
[Site "Deutschland"]
[Date "1997.??.??"]
[Round "?.2"]
[White "Nijboer, Friso"]
[Black "Casper, Thomas"]
[Result "1/2-1/2"]
[WhiteElo "2555"]
[BlackElo "2405"]
[PlyCount "119"]
[EventDate "1996.10.??"]
[EventType "team"]
[EventRounds "15"]
[EventCountry "GER"]
[SourceTitle "Bundesliga 9697"]
[Source "DeepChess"]
[SourceDate "2005.01.01"]
[SourceVersion "1"]
[SourceVersionDate "2005.01.01"]
[SourceQuality "1"]
[WhiteTeam "SG Bochum 31"]
[BlackTeam "SV Erfurt West 90"]
[WhiteTeamCountry "GER"]
[BlackTeamCountry "GER"]

1. e4 e6 2. d4 d5 3. Nc3 Bb4 4. e5 Ne7 5. a3 Bxc3+ 6. bxc3 c5 7. Qg4 O-O 8. Bd3
f5 9. exf6 Rxf6 10. Bg5 Rf7 11. Qh4 h6 12. Bxe7 Qxe7 13. Qxe7 Rxe7 14. f4 Bd7
15. dxc5 Bc6 16. Nf3 Nd7 17. Ne5 Nxe5 18. fxe5 Rc8 19. O-O-O Be8 20. Rhe1 Rxc5
21. Re3 Rf7 22. c4 Bc6 23. cxd5 Bxd5 24. g3 Rf2 25. Rd2 Rxd2 26. Kxd2 Kf7 27.
h4 Ke7 28. h5 Rc8 29. g4 Rf8 30. Ke2 Rf4 31. Rg3 Ra4 32. Bg6 Bc6 33. Kd2 Rd4+
34. Kc3 Rf4 35. g5 Rf3+ 36. Rxf3 Bxf3 37. gxh6 gxh6 38. Kd4 Kd7 39. c4 Kc6 40.
Be8+ Kb6 41. c5+ Kc7 42. Kc4 Be2+ 43. Kd4 Bd1 44. Bf7 Kd7 45. Bg6 Ba4 46. Kc4
Bc6 47. Kb4 Bf3 48. Kc4 Bg4 49. a4 Be2+ 50. Kb4 Bf3 51. Kc4 Bc6 52. a5 Ke7 53.
Kd4 Bf3 54. Ke3 Bg4 55. Ke4 Kd7 56. Kd4 Kc7 57. Be8 Be2 58. Bg6 Bb5 59. Bf7 Kd7
60. Bg6 1/2-1/2

[Event "Bundesliga 9697"]
[Site "Deutschland"]
[Date "1997.??.??"]
[Round "?.3"]
[White "Renner, Christoph"]
[Black "Schmittdiel, Eckhard"]
[Result "0-1"]
[WhiteElo "2445"]
[BlackElo "2440"]
[PlyCount "64"]
[EventDate "1996.10.??"]
[EventType "team"]
[EventRounds "15"]
[EventCountry "GER"]
[SourceTitle "Bundesliga 9697"]
[Source "DeepChess"]
[SourceDate "2005.01.01"]
[SourceVersion "1"]
[SourceVersionDate "2005.01.01"]
[SourceQuality "1"]
[WhiteTeam "SV Erfurt West 90"]
[BlackTeam "SG Bochum 31"]
[WhiteTeamCountry "GER"]
[BlackTeamCountry "GER"]

1. e4 e6 2. d3 d5 3. Nd2 Nf6 4. Ngf3 Be7 5. g3 O-O 6. Bg2 c5 7. O-O Nc6 8. Re1
a5 9. a4 Nd7 10. exd5 exd5 11. Nb1 Nb6 12. Nc3 Bg4 13. Nb5 Qd7 14. Bf4 d4 15.
Qd2 f6 16. h4 Bh3 17. Bh1 Nd5 18. c4 Ndb4 19. Bg2 Bf5 20. Bf1 h6 21. h5 Bg4 22.
Nh2 Bxh5 23. Nc7 Rac8 24. Ne6 Rf7 25. Bh3 f5 26. g4 Bg6 27. Bxh6 gxh6 28. Qxh6
Bh7 29. g5 Bf8 30. Qh5 Ne7 31. Nf4 Rc6 32. Nf3 Ng6 0-1

[Event "Bundesliga 9697"]
[Site "Deutschland"]
[Date "1997.??.??"]
[Round "?.4"]
[White "Bosch, Jeroen"]
[Black "Kuczynski, Robert"]
[Result "1/2-1/2"]
[WhiteElo "2425"]
[BlackElo "2500"]
[PlyCount "80"]
[EventDate "1996.10.??"]
[EventType "team"]
[EventRounds "15"]
[EventCountry "GER"]
[SourceTitle "Bundesliga 9697"]
[Source "DeepChess"]
[SourceDate "2005.01.01"]
[SourceVersion "1"]
[SourceVersionDate "2005.01.01"]
[SourceQuality "1"]
[WhiteTeam "SG Bochum 31"]
[BlackTeam "SV Erfurt West 90"]
[WhiteTeamCountry "GER"]
[BlackTeamCountry "GER"]

1. e4 c5 2. Nf3 d6 3. d4 cxd4 4. Nxd4 Nf6 5. Nc3 a6 6. Bc4 e6 7. Bb3 b5 8. O-O
Be7 9. Qf3 Qc7 10. Bg5 Nbd7 11. Rad1 O-O 12. a3 Nc5 13. Qe2 Bb7 14. f3 h6 15.
Bc1 Nxb3 16. cxb3 Rfe8 17. Rfe1 Bf8 18. Qf2 Rad8 19. b4 e5 20. Nf5 d5 21. exd5
Nxd5 22. Ne4 Qc8 23. Nxh6+ gxh6 24. Rxd5 Rxd5 25. Nf6+ Kg7 26. Qh4 Kg6 27. g4
Re6 28. Nxd5 Bxd5 29. Qh5+ Kf6 30. g5+ Ke7 31. gxh6 Bxh6 32. Bxh6 Qg8+ 33. Kf2
Qg6 34. Qxg6 fxg6 35. Bg5+ Kd6 36. h4 Re8 37. Re3 Rc8 38. Rc3 Rxc3 39. bxc3 Bc4
40. Ke3 Bb3 1/2-1/2

[Event "Bundesliga 9697"]
[Site "Deutschland"]
[Date "1997.??.??"]
[Round "?.5"]
[White "Mueller, Matthias"]
[Black "Ellers, Holger"]
[Result "0-1"]
[WhiteElo "2375"]
[BlackElo "2260"]
[PlyCount "114"]
[EventDate "1996.10.??"]
[EventType "team"]
[EventRounds "15"]
[EventCountry "GER"]
[SourceTitle "Bundesliga 9697"]
[Source "DeepChess"]
[SourceDate "2005.01.01"]
[SourceVersion "1"]
[SourceVersionDate "2005.01.01"]
[SourceQuality "1"]
[WhiteTeam "SV Erfurt West 90"]
[BlackTeam "SG Bochum 31"]
[WhiteTeamCountry "GER"]
[BlackTeamCountry "GER"]

1. e4 e6 2. d4 d5 3. Nc3 Nf6 4. e5 Nfd7 5. f4 c5 6. Nf3 Nc6 7. Be3 a6 8. Qd2 b5
9. dxc5 Bxc5 10. Bxc5 Nxc5 11. Qf2 Qb6 12. Bd3 b4 13. Ne2 a5 14. O-O Ba6 15.
Kh1 Ne7 16. Rad1 Na4 17. Qxb6 Nxb6 18. Rf2 Na4 19. Rb1 Nc5 20. Bxa6 Rxa6 21.
Ned4 g6 22. Kg1 Ne4 23. Re2 Kd7 24. Ra1 Rb8 25. Nd2 Nxd2 26. Rxd2 Nf5 27. Nf3
h5 28. Kf2 Rc6 29. a3 a4 30. b3 axb3 31. cxb3 bxa3 32. Rxa3 Rb7 33. Ke2 Rc1 34.
Nd4 Nxd4+ 35. Rxd4 Rb1 36. Rd3 Rb2+ 37. Kf3 Rc7 38. h3 Rcc2 39. Ra7+ Ke8 40.
Ra8+ Ke7 41. Ra7+ Kf8 42. Kg3 Rxg2+ 43. Kh4 Kg7 44. Rb7 Rbf2 45. Rb4 Kh6 46.
Rg3 Rh2 47. Rc3 Rfg2 48. Rg3 Rd2 49. Rb7 Kg7 50. Kg5 Rhf2 51. Rb4 Rd1 52. Ra4
d4 53. Rc4 d3 54. Rd4 d2 55. Rgd3 Rg1+ 56. Kh4 Kh6 57. Rxd2 Rxf4+ 0-1

[Event "Bundesliga 9697"]
[Site "Deutschland"]
[Date "1997.??.??"]
[Round "?.6"]
[White "Buenermann, Volker"]
[Black "Troyke, Christian"]
[Result "0-1"]
[WhiteElo "2350"]
[BlackElo "2380"]
[PlyCount "68"]
[EventDate "1996.10.??"]
[EventType "team"]
[EventRounds "15"]
[EventCountry "GER"]
[SourceTitle "Bundesliga 9697"]
[Source "DeepChess"]
[SourceDate "2005.01.01"]
[SourceVersion "1"]
[SourceVersionDate "2005.01.01"]
[SourceQuality "1"]
[WhiteTeam "SG Bochum 31"]
[BlackTeam "SV Erfurt West 90"]
[WhiteTeamCountry "GER"]
[BlackTeamCountry "GER"]

1. e4 c5 2. Nf3 Nc6 3. d4 cxd4 4. Nxd4 g6 5. Nc3 Bg7 6. Nde2 Nf6 7. g3 O-O 8.
Bg2 d6 9. O-O Bd7 10. h3 a6 11. a4 Rc8 12. Be3 Na5 13. b3 Qc7 14. Qd2 Rfe8 15.
Ra2 b6 16. g4 e6 17. Rd1 Nb7 18. Bg5 Bc6 19. b4 b5 20. axb5 axb5 21. Nd4 Nd7
22. Ra6 Nb8 23. Ra3 Qd7 24. Bf1 d5 25. Nxc6 Nxc6 26. exd5 Nd4 27. Bg2 Nd6 28.
dxe6 Qxe6 29. Bd5 Rxc3 30. Bxe6 Nf3+ 31. Kg2 Nxd2 32. Bxf7+ Nxf7 33. Rxc3 Bxc3
34. Bxd2 Rd8 0-1

[Event "Bundesliga 9697"]
[Site "Deutschland"]
[Date "1997.??.??"]
[Round "?.7"]
[White "Brueggemann, Joachim"]
[Black "Kitte, Sebastian"]
[Result "1-0"]
[WhiteElo "2285"]
[BlackElo "2300"]
[PlyCount "75"]
[EventDate "1996.10.??"]
[EventType "team"]
[EventRounds "15"]
[EventCountry "GER"]
[SourceTitle "Bundesliga 9697"]
[Source "DeepChess"]
[SourceDate "2005.01.01"]
[SourceVersion "1"]
[SourceVersionDate "2005.01.01"]
[SourceQuality "1"]
[WhiteTeam "SV Erfurt West 90"]
[BlackTeam "SG Bochum 31"]
[WhiteTeamCountry "GER"]
[BlackTeamCountry "GER"]

1. e4 c5 2. Nf3 e6 3. d4 cxd4 4. Nxd4 Nf6 5. Nc3 d6 6. Bg5 Be7 7. Ndb5 a6 8.
Bxf6 gxf6 9. Nd4 Nc6 10. Qd2 Bd7 11. f4 b5 12. O-O-O Qb6 13. Nxc6 Bxc6 14. Bd3
b4 15. Ne2 d5 16. Ng3 Rd8 17. Qe2 h5 18. e5 h4 19. Nf5 Bc5 20. exf6 Kf8 21. Qg4
Rg8 22. Ng7 Bd4 23. Qxh4 Rc8 24. Rhe1 Rxg7 25. fxg7+ Bxg7 26. f5 exf5 27. Bxf5
Re8 28. Rxe8+ Bxe8 29. Re1 Qd6 30. g4 Ba4 31. g5 a5 32. Qg3 Qb6 33. g6 fxg6 34.
Bxg6 Bf6 35. Bh7 Bg7 36. Qf4+ Bf6 37. Qh6+ Bg7 38. Qxb6 1-0

[Event "Bundesliga 9697"]
[Site "Deutschland"]
[Date "1997.??.??"]
[Round "?.8"]
[White "De Gleria, Francesco"]
[Black "Fuhrmann, Daniel"]
[Result "0-1"]
[WhiteElo "2265"]
[BlackElo "2280"]
[PlyCount "120"]
[EventDate "1996.10.??"]
[EventType "team"]
[EventRounds "15"]
[EventCountry "GER"]
[SourceTitle "Bundesliga 9697"]
[Source "DeepChess"]
[SourceDate "2005.01.01"]
[SourceVersion "1"]
[SourceVersionDate "2005.01.01"]
[SourceQuality "1"]
[WhiteTeam "SG Bochum 31"]
[BlackTeam "SV Erfurt West 90"]
[WhiteTeamCountry "GER"]
[BlackTeamCountry "GER"]

1. e4 c5 2. Nf3 e6 3. c3 d5 4. exd5 exd5 5. d4 Nc6 6. Be3 c4 7. b3 cxb3 8. axb3
Bf5 9. Bd3 Bxd3 10. Qxd3 Bd6 11. O-O Nge7 12. c4 O-O 13. Nc3 Nb4 14. Qd2 a5 15.
Nb5 Bb8 16. Bg5 Ra6 17. Bh4 Qd7 18. Ne5 Bxe5 19. dxe5 Nf5 20. Bg3 d4 21. Rfe1
d3 22. Re4 Re8 23. f3 f6 24. Rae1 Nxg3 25. hxg3 Rxe5 26. Rxe5 fxe5 27. Rxe5 Re6
28. Rxe6 Qxe6 29. Kf2 Nc2 30. f4 Qb6+ 31. Kf3 h5 32. Ke4 Qg6+ 33. Kf3 Qc6+ 34.
Kf2 Qc5+ 35. Kf3 Qg1 36. Ke4 Nb4 37. Nd4 Qf1 38. Nf3 b6 39. Kd4 Nc2+ 40. Ke4
Qe2+ 41. Kd5 Kf7 42. Kd6 Qe7+ 43. Kc6 Qc5+ 44. Kb7 Nb4 45. Ne5+ Kg8 46. Qd1 g6
47. Qe1 Qd6 48. Nf3 Qc6+ 49. Kb8 Qd6+ 50. Kb7 Qc6+ 51. Kb8 Kf8 52. Qe5 Kg8 53.
Qe7 Qc5 54. Qxc5 bxc5 55. Kc7 Nc2 56. Kd6 Nd4 57. Nd2 Nxb3 58. Nxb3 a4 59. Nd2
a3 60. Kxc5 a2 0-1

[Event "Bundesliga 9697"]
[Site "Deutschland"]
[Date "1996.??.??"]
[Round "?.2"]
[White "Smagin, Sergey"]
[Black "Slobodjan, Roman"]
[Result "0-1"]
[WhiteElo "2580"]
[BlackElo "2520"]
[PlyCount "136"]
[EventDate "1996.10.??"]
[EventType "team"]
[EventRounds "15"]
[EventCountry "GER"]
[SourceTitle "Bundesliga 9697"]
[Source "DeepChess"]
[SourceDate "2005.01.01"]
[SourceVersion "1"]
[SourceVersionDate "2005.01.01"]
[SourceQuality "1"]
[WhiteTeam "SG Bochum 31"]
[BlackTeam "USC Magdeburg"]
[WhiteTeamCountry "GER"]
[BlackTeamCountry "GER"]

1. e4 c5 2. Nf3 Nc6 3. d4 cxd4 4. Nxd4 Nf6 5. Nc3 d6 6. Be2 g6 7. Nb3 Bg7 8.
O-O O-O 9. Kh1 a6 10. f4 Bd7 11. Bf3 Rc8 12. Qe2 Qc7 13. Rd1 b5 14. a3 Rfe8 15.
Be3 Be6 16. Nd5 Bxd5 17. exd5 Na5 18. Nxa5 Qxa5 19. c3 Rc4 20. Re1 Qc7 21. Qf1
Qb7 22. Rad1 Bh6 23. g3 Bg7 24. Rd2 Ne4 25. Rdd1 Nf6 26. Qg2 Qc8 27. Bg1 Qd7
28. Bd4 Qb7 29. Rd2 Nd7 30. Bg1 Nf6 31. Rde2 Kf8 32. Bd4 Ng8 33. Bg1 Nf6 34.
Re3 Qd7 35. Qe2 Qb7 36. Qd3 Nd7 37. R3e2 Nc5 38. Qd1 Nd7 39. Re3 Nf6 40. Kg2
Qd7 41. R3e2 Qb7 42. Bd4 Ng8 43. Bg1 Ra8 44. h4 a5 45. Qb3 Rb8 46. Bf2 Rc7 47.
g4 Rc4 48. Bg3 Qd7 49. g5 Qf5 50. Re4 Rc5 51. R4e3 Qc8 52. h5 gxh5 53. Bxh5 b4
54. cxb4 axb4 55. a4 Bxb2 56. R1e2 Bg7 57. Be1 Qf5 58. Re4 Bc3 59. Bf3 Bxe1 60.
Rxe1 Qxd5 61. Qb1 Rc3 62. R4e3 Qc5 63. Rxc3 Qxc3 64. a5 d5 65. Re2 b3 66. a6
Qc4 67. Qxh7 Qxf4 68. Qh5 b2 0-1

[Event "Bundesliga 9697"]
[Site "Deutschland"]
[Date "1996.??.??"]
[Round "?.3"]
[White "Rogozenko, Dorian"]
[Black "Nijboer, Friso"]
[Result "1/2-1/2"]
[WhiteElo "2525"]
[BlackElo "2525"]
[PlyCount "41"]
[EventDate "1996.10.??"]
[EventType "team"]
[EventRounds "15"]
[EventCountry "GER"]
[SourceTitle "Bundesliga 9697"]
[Source "DeepChess"]
[SourceDate "2005.01.01"]
[SourceVersion "1"]
[SourceVersionDate "2005.01.01"]
[SourceQuality "1"]
[WhiteTeam "USC Magdeburg"]
[BlackTeam "SG Bochum 31"]
[WhiteTeamCountry "GER"]
[BlackTeamCountry "GER"]

1. d4 Nf6 2. c4 g6 3. Nf3 Bg7 4. g3 O-O 5. Bg2 d6 6. O-O Nc6 7. Nc3 Rb8 8. d5
Na5 9. Nd2 Nd7 10. Qc2 Ne5 11. b3 c6 12. Bb2 b5 13. dxc6 bxc4 14. Nd5 Naxc6 15.
Nxc4 Bb7 16. Nxe5 Bxe5 17. Bxe5 Nxe5 18. Rfd1 Bxd5 19. Bxd5 Qa5 20. Rac1 Qa6
21. h3 1/2-1/2

[Event "Bundesliga 9697"]
[Site "Deutschland"]
[Date "1996.??.??"]
[Round "?.4"]
[White "Schmittdiel, Eckhard"]
[Black "Naumann, Alexander"]
[Result "1-0"]
[WhiteElo "2440"]
[BlackElo "2365"]
[PlyCount "57"]
[EventDate "1996.10.??"]
[EventType "team"]
[EventRounds "15"]
[EventCountry "GER"]
[SourceTitle "Bundesliga 9697"]
[Source "DeepChess"]
[SourceDate "2005.01.01"]
[SourceVersion "1"]
[SourceVersionDate "2005.01.01"]
[SourceQuality "1"]
[WhiteTeam "SG Bochum 31"]
[BlackTeam "USC Magdeburg"]
[WhiteTeamCountry "GER"]
[BlackTeamCountry "GER"]

1. e4 c5 2. c3 d5 3. exd5 Qxd5 4. d4 Nf6 5. dxc5 Qxc5 6. Nf3 Bg4 7. h3 Bh5 8.
Be3 Qc7 9. Na3 a6 10. Be2 Nbd7 11. Qa4 e5 12. Rd1 Be7 13. g4 Bg6 14. g5 Bxa3
15. bxa3 Ne4 16. Nxe5 b5 17. Bxb5 Qxc3+ 18. Bd2 Qxe5 19. Bxd7+ Kf8 20. f4 Qe7
21. Bb4 Nc5+ 22. Kf2 Kg8 23. Qc6 Ne4+ 24. Kg2 Qd8 25. Rhe1 a5 26. Be7 Qb8 27.
Rb1 Qa7 28. Rxe4 Bxe4+ 29. Qxe4 1-0